Nấm mốc - Bạn và thù

Bewaard in:
Bibliografische gegevens
Hoofdauteur: Bùi Xuân Đồng
Formaat: Boek
Taal:Undetermined
Gepubliceerd in: Hà Nội KHKT 1976
Onderwerpen:
Tags: Voeg label toe
Geen labels, Wees de eerste die dit record labelt!
Thư viện lưu trữ: Trung tâm Học liệu Trường Đại học Cần Thơ
LEADER 00452nam a2200169Ia 4500
001 CTU_8879
008 210402s9999 xx 000 0 und d
082 |a 589.2 
082 |b Đ455/T1 
100 |a Bùi Xuân Đồng 
245 0 |a Nấm mốc - Bạn và thù 
245 0 |c Bùi Xuân Đồng 
260 |a Hà Nội 
260 |b KHKT 
260 |c 1976 
650 |a fungi 
980 |a Trung tâm Học liệu Trường Đại học Cần Thơ